00618 2200193 4500001002100000005001500021035002000036008004100056245009500097100002800192260005800220300001900278020002200297084002000319082001000339650004900349250000600398990002000404INLIS00000000000787620260418123820 a0010-0426000064260418 1 ind 1 aThe Adventures Of Sherlock Holmes :bPetualangan Sherlock Holmes /cSir Arthur Conan Doyle aDoyle, Sir Arthur Conan aYogyakarta :bCV.Indoliterasi Publishing House,c2026 a344 ;c19 x 13 a978-602-6466-00-6 a823.8 DOY T C.1 a823.8 4aFiksi Inggris periode Victoria (1837–1899) aI a260311300011208